Losowe miasta Polski na mapie - Statystyki

Ogólne statystyki
  • Ten quiz został rozwiązany 9 301 razy
    1 735 od ostatniego zresetowania
  • Średni wynik to 14 z 50
Odpowiedzi na mapie
Odpowiedzi zakodowano w zielono-czerwonej skali na mapie do tego quizu, zgodnie z poniższymi procentami.
 
Statystyki odpowiedzi
Województwo Miasto % Poprawnych
Podlaskie Białystok
100%
Łódzkie Łódź
95%
Podlaskie Suwałki
91%
Zachodniopomorskie Świnoujście
91%
Lubuskie Gorzów Wielkopolski
90%
Wielkopolskie Poznań
90%
Dolnośląskie Wrocław
90%
Małopolskie Kraków
89%
Warmińsko-mazurskie Olsztyn
89%
Mazowieckie Warszawa
89%
Pomorskie Gdańsk
88%
Pomorskie Hel
88%
Pomorskie Sopot
87%
Świętokrzyskie Kielce
86%
Śląskie Częstochowa
85%
Mazowieckie Radom
85%
Kujawsko-pomorskie Toruń
83%
Kujawsko-pomorskie Bydgoszcz
82%
Lubelskie Lublin
81%
Zachodniopomorskie Szczecin
81%
Lubelskie Zamość
81%
Pomorskie Gdynia
79%
Śląskie Katowice
79%
Podkarpackie Rzeszów
79%
Pomorskie Pruszcz Gdański
78%
Pomorskie Tczew
78%
Zachodniopomorskie Kołobrzeg
77%
Zachodniopomorskie Police
77%
Kujawsko-pomorskie Włocławek
76%
Zachodniopomorskie Koszalin
75%
Opolskie Opole
75%
Zachodniopomorskie Stargard
75%
Lubuskie Zielona Góra
75%
Mazowieckie Płock
74%
Wielkopolskie Gniezno
73%
Śląskie Jaworzno
73%
Podkarpackie Tarnobrzeg
73%
Lubelskie Hrubieszów
72%
Pomorskie Malbork
71%
Świętokrzyskie Ostrowiec Świętokrzyski
71%
Mazowieckie Siedlce
71%
Pomorskie Słupsk
71%
Warmińsko-mazurskie Elbląg
70%
Kujawsko-pomorskie Inowrocław
69%
Małopolskie Zakopane
69%
Śląskie Gliwice
68%
Dolnośląskie Legnica
68%
Podkarpackie Przemyśl
68%
Podkarpackie Sanok
68%
Pomorskie Wejherowo
68%
Dolnośląskie Wałbrzych
67%
Małopolskie Wieliczka
67%
Podlaskie Łomża
65%
Podlaskie Augustów
64%
Wielkopolskie Konin
64%
Mazowieckie Ostrołęka
64%
Małopolskie Tarnów
64%
Wielkopolskie Kalisz
63%
Lubelskie Chełm
62%
Dolnośląskie Jelenia Góra
60%
Wielkopolskie Piła
60%
Lubelskie Biała Podlaska
59%
Kujawsko-pomorskie Grudziądz
58%
Pomorskie Kościerzyna
58%
Mazowieckie Marki
58%
Łódzkie Radomsko
57%
Łódzkie Skierniewice
57%
Pomorskie Władysławowo
57%
Podlaskie Hajnówka
56%
Pomorskie Jastarnia
56%
Podkarpackie Krosno
56%
Pomorskie Łeba
56%
Wielkopolskie Leszno
56%
Śląskie Rybnik
56%
Śląskie Tychy
56%
Pomorskie Ustka
56%
Dolnośląskie Zgorzelec
56%
Warmińsko-mazurskie Giżycko
55%
Lubelskie Łuków
55%
Warmińsko-mazurskie Ełk
54%
Warmińsko-mazurskie Iława
54%
Mazowieckie Legionowo
54%
Kujawsko-pomorskie Nakło nad Notecią
54%
Pomorskie Krynica Morska
53%
Podkarpackie Ustrzyki Dolne
53%
Lubuskie Żagań
53%
Łódzkie Bełchatów
52%
Warmińsko-mazurskie Gołdap
52%
Pomorskie Lębork
52%
Warmińsko-mazurskie Lidzbark Warmiński
52%
Małopolskie Nowy Targ
52%
Warmińsko-mazurskie Pisz
52%
Pomorskie Puck
52%
Podlaskie Sejny
52%
Łódzkie Sieradz
52%
Mazowieckie Ząbki
52%
Małopolskie Gorlice
51%
Wielkopolskie Jarocin
51%
Śląskie Bielsko-Biała
50%
Lubelskie Biłgoraj
50%
Warmińsko-mazurskie Braniewo
50%
Pomorskie Chojnice
50%
Śląskie Cieszyn
50%
Opolskie Kędzierzyn-Koźle
50%
Lubuskie Kostrzyn nad Odrą
50%
Mazowieckie Piaseczno
50%
Łódzkie Piotrków Trybunalski
50%
Mazowieckie Pruszków
50%
Lubelskie Ryki
50%
Podkarpackie Stalowa Wola
50%
Świętokrzyskie Starachowice
50%
Lubelskie Świdnik
50%
Śląskie Wodzisław Śląski
50%
Dolnośląskie Bogatynia
48%
Opolskie Brzeg
48%
Podkarpackie Dębica
48%
Wielkopolskie Jastrowie
48%
Małopolskie Limanowa
48%
Małopolskie Myślenice
48%
Opolskie Nysa
48%
Wielkopolskie Oborniki
48%
Świętokrzyskie Opatów
48%
Wielkopolskie Ostrów Wielkopolski
48%
Małopolskie Oświęcim
48%
Mazowieckie Otwock
48%
Podlaskie Sokółka
48%
Wielkopolskie Śrem
48%
Podlaskie Wysokie Mazowieckie
48%
Zachodniopomorskie Darłowo
47%
Dolnośląskie Głogów
47%
Dolnośląskie Góra
47%
Warmińsko-mazurskie Ostróda
47%
Warmińsko-mazurskie Węgorzewo
47%
Mazowieckie Zwoleń
47%
Śląskie Żywiec
47%
Kujawsko-pomorskie Aleksandrów Kujawski
46%
Dolnośląskie Jawor
46%
Zachodniopomorskie Kamień Pomorski
46%
Pomorskie Kartuzy
46%
Pomorskie Kwidzyn
46%
Mazowieckie Mińsk Mazowiecki
46%
Mazowieckie Nowy Dwór Mazowiecki
46%
Łódzkie Pabianice
46%
Śląskie Pszczyna
46%
Kujawsko-pomorskie Solec Kujawski
46%
Zachodniopomorskie Szczecinek
46%
Warmińsko-mazurskie Działdowo
45%
Podlaskie Grajewo
45%
Wielkopolskie Koło
45%
Warmińsko-mazurskie Nowe Miasto Lubawskie
45%
Lubelskie Parczew
45%
Dolnośląskie Trzebnica
45%
Łódzkie Zgierz
45%
Zachodniopomorskie Dziwnów
44%
Lubelskie Międzyrzec Podlaski
44%
Pomorskie Nowy Dwór Gdański
44%
Śląskie Ruda Śląska
44%
Lubuskie Żary
44%
Świętokrzyskie Bodzentyn
43%
Śląskie Jastrzębie-Zdrój
43%
Zachodniopomorskie Myślibórz
43%
Świętokrzyskie Pińczów
43%
Śląskie Racibórz
43%
Małopolskie Wadowice
43%
Zachodniopomorskie Wałcz
43%
Małopolskie Wolbrom
43%
Śląskie Zabrze
43%
Dolnośląskie Bolesławiec
42%
Dolnośląskie Dzierżoniów
42%
Mazowieckie Grójec
42%
Zachodniopomorskie Gryfino
42%
Dolnośląskie Lubin
42%
Śląskie Mysłowice
42%
Małopolskie Nowy Sącz
42%
Mazowieckie Płońsk
42%
Świętokrzyskie Staszów
42%
Lubelskie Terespol
42%
Kujawsko-pomorskie Tuchola
42%
Lubelskie Włodawa
42%
Zachodniopomorskie Wolin
42%
Śląskie Będzin
41%
Podkarpackie Mielec
41%
Mazowieckie Sierpc
41%
Śląskie Ustroń
41%
Dolnośląskie Boguszów-Gorce
40%
Pomorskie Bytów
40%
Śląskie Dąbrowa Górnicza
40%
Lubuskie Międzyrzecz
40%
Pomorskie Reda
40%
Pomorskie Starogard Gdański
40%
Mazowieckie Żyrardów
40%
Śląskie Blachownia
39%
Dolnośląskie Bolków
39%
Lubelskie Krasnystaw
39%
Podkarpackie Lesko
39%
Dolnośląskie Lubań
39%
Wielkopolskie Międzychód
39%
Dolnośląskie Milicz
39%
Mazowieckie Mława
39%
Dolnośląskie Oleśnica
39%
Świętokrzyskie Sandomierz
39%
Świętokrzyskie Skarżysko-Kamienna
39%
Małopolskie Stary Sącz
39%
Śląskie Zawiercie
39%
Kujawsko-pomorskie Brodnica
38%
Podkarpackie Jarosław
38%
Podkarpackie Jasło
38%
Wielkopolskie Kępno
38%
Dolnośląskie Kłodzko
38%
Dolnośląskie Kudowa-Zdrój
38%
Podkarpackie Łańcut
38%
Lubuskie Nowa Sól
38%
Podkarpackie Ropczyce
38%
Pomorskie Rumia
38%
Łódzkie Tomaszów Mazowiecki
38%
Świętokrzyskie Włoszczowa
38%
Mazowieckie Wyszków
38%
Łódzkie Zduńska Wola
38%
Śląskie Żory
38%
Lubelskie Zwierzyniec
38%
Małopolskie Brzesko
37%
Zachodniopomorskie Cedynia
37%
Lubuskie Drezdenko
37%
Warmińsko-mazurskie Frombork
37%
Wielkopolskie Kościan
37%
Dolnośląskie Kowary
37%
Lubuskie Łęknica
37%
Lubelskie Lubartów
37%
Śląskie Miasteczko Śląskie
37%
Śląskie Mikołów
37%
Lubelskie Opole Lubelskie
37%
Mazowieckie Piastów
37%
Łódzkie Wieluń
37%
Warmińsko-mazurskie Biskupiec
36%
Kujawsko-pomorskie Brześć Kujawski
36%
Śląskie Bytom
36%
Wielkopolskie Grodzisk Wielkopolski
36%
Dolnośląskie Lwówek Śląski
36%
Mazowieckie Milanówek
36%
Warmińsko-mazurskie Mrągowo
36%
Podkarpackie Nowa Dęba
36%
Pomorskie Prabuty
36%
Zachodniopomorskie Pyrzyce
36%
Małopolskie Rabka-Zdrój
36%
Zachodniopomorskie Sławno
36%
Lubuskie Zbąszynek
36%
Dolnośląskie Złotoryja
36%
Wielkopolskie Złotów
36%
Łódzkie Biała Rawska
35%
Małopolskie Bochnia
35%
Opolskie Głubczyce
35%
Mazowieckie Grodzisk Mazowiecki
35%
Zachodniopomorskie Karlino
35%
Podkarpackie Kolbuszowa
35%
Kujawsko-pomorskie Nowe
35%
Małopolskie Olkusz
35%
Łódzkie Opoczno
35%
Mazowieckie Ostrów Mazowiecka
35%
Opolskie Prudnik
35%
Lubuskie Skwierzyna
35%
Śląskie Sosnowiec
35%
Lubuskie Sulechów
35%
Zachodniopomorskie Świdwin
35%
Śląskie Świętochłowice
35%
Zachodniopomorskie Tychowo
35%
Pomorskie Żukowo
35%
Mazowieckie Żuromin
35%
Zachodniopomorskie Goleniów
34%
Świętokrzyskie Jędrzejów
34%
Kujawsko-pomorskie Lipno
34%
Śląskie Olsztyn
34%
Mazowieckie Pionki
34%
Podkarpackie Radomyśl Wielki
34%
Kujawsko-pomorskie Świecie
34%
Śląskie Tarnowskie Góry
34%
Wielkopolskie Wągrowiec
34%
Warmińsko-mazurskie Bartoszyce
33%
Mazowieckie Błonie
33%
Podkarpackie Brzozów
33%
Lubelskie Bychawa
33%
Małopolskie Czarny Dunajec
33%
Małopolskie Dąbrowa Tarnowska
33%
Mazowieckie Garwolin
33%
Lubuskie Gubin
33%
Lubelskie Kraśnik
33%
Wielkopolskie Krotoszyn
33%
Wielkopolskie Luboń
33%
Zachodniopomorskie Mielno
33%
Małopolskie Muszyna
33%
Śląskie Myszków
33%
Pomorskie Pelplin
33%
Podkarpackie Przeworsk
33%
Lubuskie Słubice
33%
Dolnośląskie Strzelin
33%
Mazowieckie Tłuszcz
33%
Mazowieckie Wołomin
33%
Małopolskie Andrychów
32%
Podkarpackie Błażowa
32%
Wielkopolskie Buk
32%
Dolnośląskie Chojnów
32%
Zachodniopomorskie Choszczno
32%
Mazowieckie Gostynin
32%
Warmińsko-mazurskie Kętrzyn
32%
Śląskie Kłobuck
32%
Wielkopolskie Kłodawa
32%
Pomorskie Kobylnica
32%
Łódzkie Konstantynów Łódzki
32%
Łódzkie Łask
32%
Lubelskie Łęczna
32%
Zachodniopomorskie Nowogard
32%
Wielkopolskie Opalenica
32%
Warmińsko-mazurskie Orneta
32%
Świętokrzyskie Połaniec
32%
Mazowieckie Przasnysz
32%
Pomorskie Skarszewy
32%
Podkarpackie Strzyżów
32%
Dolnośląskie Szklarska Poręba
32%
Wielkopolskie Turek
32%
Opolskie Zawadzkie
32%
Małopolskie Bobowa
31%
Łódzkie Brzeziny
31%
Śląskie Chorzów
31%
Pomorskie Czarna Woda
31%
Pomorskie Człuchów
31%
Śląskie Kalety
31%
Podlaskie Łapy
31%
Małopolskie Niepołomice
31%
Warmińsko-mazurskie Olsztynek
31%
Śląskie Poręba
31%
Kujawsko-pomorskie Radziejów
31%
Kujawsko-pomorskie Rypin
31%
Mazowieckie Szydłowiec
31%
Mazowieckie Węgrów
31%
Dolnośląskie Wołów
31%
Wielkopolskie Zbąszyń
31%
Łódzkie Aleksandrów Łódzki
30%
Lubelskie Annopol
30%
Warmińsko-mazurskie Barczewo
30%
Zachodniopomorskie Barwice
30%
Zachodniopomorskie Białogard
30%
Zachodniopomorskie Bobolice
30%
Wielkopolskie Chodzież
30%
Podlaskie Choroszcz
30%
Mazowieckie Ciechanów
30%
Łódzkie Dąbrowice
30%
Lubelskie Goraj
30%
Wielkopolskie Grabów nad Prosną
30%
Lubuskie Jasień
30%
Małopolskie Kalwaria Zebrzydowska
30%
Dolnośląskie Kamienna Góra
30%
Dolnośląskie Kąty Wrocławskie
30%
Podlaskie Kolno
30%
Mazowieckie Kozienice
30%
Opolskie Krapkowice
30%
Podkarpackie Leżajsk
30%
Mazowieckie Łomianki
30%
Pomorskie Miastko
30%
Zachodniopomorskie Międzyzdroje
30%
Zachodniopomorskie Nowe Warpno
30%
Dolnośląskie Nowogrodziec
30%
Lubelskie Piaski
30%
Wielkopolskie Pniewy
30%
Śląskie Przyrów
30%
Łódzkie Rawa Mazowiecka
30%
Małopolskie Skawina
30%
Kujawsko-pomorskie Skępe
30%
Mazowieckie Sochaczew
30%
Wielkopolskie Środa Wielkopolska
30%
Lubuskie Świebodzin
30%
Lubelskie Tomaszów Lubelski
30%
Kujawsko-pomorskie Żnin
30%
Zachodniopomorskie Barlinek
29%
Podlaskie Bielsk Podlaski
29%
Podkarpackie Boguchwała
29%
Dolnośląskie Bystrzyca Kłodzka
29%
Śląskie Czechowice-Dziedzice
29%
Kujawsko-pomorskie Gniewkowo
29%
Lubelskie Kazimierz Dolny
29%
Lubuskie Krosno Odrzańskie
29%
Śląskie Kuźnia Raciborska
29%
Zachodniopomorskie Mieszkowice
29%
Kujawsko-pomorskie Mogilno
29%
Mazowieckie Ożarów Mazowiecki
29%
Warmińsko-mazurskie Pasłęk
29%
Małopolskie Piwniczna-Zdrój
29%
Łódzkie Przedbórz
29%
Dolnośląskie Radków
29%
Warmińsko-mazurskie Reszel
29%
Zachodniopomorskie Sianów
29%
Małopolskie Sułkowice
29%
Dolnośląskie Twardogóra
29%
Wielkopolskie Ujście
29%
Śląskie Wisła
29%
Małopolskie Zator
29%
Mazowieckie Chorzele
28%
Wielkopolskie Czarnków
28%
Mazowieckie Iłża
28%
Kujawsko-pomorskie Kruszwica
28%
Wielkopolskie Krzyż Wielkopolski
28%
Dolnośląskie Leśna
28%
Łódzkie Łowicz
28%
Śląskie Lubliniec
28%
Opolskie Namysłów
28%
Opolskie Niemodlin
28%
Wielkopolskie Obrzycko
28%
Dolnośląskie Oława
28%
Dolnośląskie Olszyna
28%
Śląskie Piekary Śląskie
28%
Podlaskie Siemiatycze
28%
Małopolskie Skała
28%
Łódzkie Stryków
28%
Dolnośląskie Świebodzice
28%
Kujawsko-pomorskie Wąbrzeźno
28%
Dolnośląskie Zawidów
28%
Kujawsko-pomorskie Ciechocinek
27%
Pomorskie Czarne
27%
Opolskie Dobrodzień
27%
Dolnośląskie Duszniki-Zdrój
27%
Opolskie Głuchołazy
27%
Śląskie Imielin
27%
Mazowieckie Łosice
27%
Małopolskie Mszana Dolna
27%
Wielkopolskie Murowana Goślina
27%
Warmińsko-mazurskie Olecko
27%
Mazowieckie Pułtusk
27%
Mazowieckie Serock
27%
Mazowieckie Skaryszew
27%
Lubuskie Strzelce Krajeńskie
27%
Wielkopolskie Sulmierzyce
27%
Dolnośląskie Szczawno-Zdrój
27%
Zachodniopomorskie Węgorzyno
27%
Wielkopolskie Wieleń
27%
Wielkopolskie Wolsztyn
27%
Podlaskie Zabłudów
27%
Dolnośląskie Bardo
26%
Pomorskie Brusy
26%
Kujawsko-pomorskie Chełmża
26%
Podkarpackie Cieszanów
26%
Lubuskie Czerwieńsk
26%
Zachodniopomorskie Drawsko Pomorskie
26%
Mazowieckie Góra Kalwaria
26%
Dolnośląskie Karpacz
26%
Małopolskie Kęty
26%
Opolskie Kietrz
26%
Mazowieckie Kobyłka
26%
Kujawsko-pomorskie Łabiszyn
26%
Małopolskie Miechów
26%
Lubelskie Modliborzyce
26%
Podlaskie Mońki
26%
Podkarpackie Nisko
26%
Dolnośląskie Nowa Ruda
26%
Wielkopolskie Ostrzeszów
26%
Opolskie Praszka
26%
Kujawsko-pomorskie Pruszcz
26%
Mazowieckie Przysucha
26%
Śląskie Radlin
26%
Podkarpackie Rymanów
26%
Kujawsko-pomorskie Sępólno Krajeńskie
26%
Lubelskie Szczebrzeszyn
26%
Pomorskie Sztum
26%
Wielkopolskie Trzcianka
26%
Podkarpackie Ulanów
26%
Kujawsko-pomorskie Więcbork
26%
Śląskie Woźniki
26%
Małopolskie Alwernia
25%
Lubuskie Babimost
25%
Łódzkie Bolesławiec
25%
Opolskie Branice
25%
Mazowieckie Brwinów
25%
Zachodniopomorskie Chojna
25%
Mazowieckie Drobin
25%
Podlaskie Drohiczyn
25%
Mazowieckie Jastrząb
25%
Lubelskie Józefów
25%
Opolskie Kluczbork
25%
Śląskie Knurów
25%
Mazowieckie Konstancin-Jeziorna
25%
Małopolskie Krynica-Zdrój
25%
Lubelskie Kurów
25%
Lubelskie Lubycza Królewska
25%
Wielkopolskie Nowy Tomyśl
25%
Świętokrzyskie Oleśnica
25%
Śląskie Orzesze
25%
Warmińsko-mazurskie Pieniężno
25%
Mazowieckie Pilawa
25%
Kujawsko-pomorskie Piotrków Kujawski
25%
Dolnośląskie Prusice
25%
Świętokrzyskie Radoszyce
25%
Podlaskie Rajgród
25%
Łódzkie Rozprza
25%
Śląskie Siemianowice Śląskie
25%
Warmińsko-mazurskie Tolkmicko
25%
Lubuskie Trzciel
25%
Dolnośląskie Wleń
25%
Dolnośląskie Ząbkowice Śląskie
25%
Mazowieckie Zakroczym
25%
Podlaskie Zambrów
25%
Zachodniopomorskie Złocieniec
25%
Świętokrzyskie Daleszyce
24%
Kujawsko-pomorskie Dobrzyń nad Wisłą
24%
Mazowieckie Glinojeck
24%
Podkarpackie Głogów Małopolski
24%
Podlaskie Goniądz
24%
Wielkopolskie Kaczory
24%
Lubelskie Kamionka
24%
Podlaskie Krynki
24%
Łódzkie Kutno
24%
Lubelskie Łaszczów
24%
Mazowieckie Łochów
24%
Podkarpackie Lubaczów
24%
Małopolskie Nowy Wiśnicz
24%
Świętokrzyskie Osiek
24%
Opolskie Paczków
24%
Świętokrzyskie Piekoszów
24%
Podkarpackie Pilzno
24%
Śląskie Pszów
24%
Wielkopolskie Rawicz
24%
Lubelskie Rejowiec
24%
Mazowieckie Sokołów Podlaski
24%
Wielkopolskie Sompolno
24%
Dolnośląskie Strzegom
24%
Lubelskie Tarnogród
24%
Zachodniopomorskie Trzcińsko-Zdrój
24%
Wielkopolskie Trzemeszno
24%
Łódzkie Tuszyn
24%
Podlaskie Tykocin
24%
Łódzkie Warta
24%
Podlaskie Wasilków
24%
Dolnośląskie Ziębice
24%
Dolnośląskie Żmigród
24%
Wielkopolskie Bojanowo
23%
Małopolskie Chrzanów
23%
Lubuskie Dobiegniew
23%
Śląskie Janów
23%
Mazowieckie Kazanów
23%
Łódzkie Łęczyca
23%
Wielkopolskie Miłosław
23%
Warmińsko-mazurskie Morąg
23%
Mazowieckie Mrozy
23%
Warmińsko-mazurskie Nidzica
23%
Wielkopolskie Nowe Skalmierzyce
23%
Łódzkie Osjaków
23%
Zachodniopomorskie Pełczyce
23%
Dolnośląskie Polkowice
23%
Wielkopolskie Poniec
23%
Małopolskie Radłów
23%
Podkarpackie Radymno
23%
Śląskie Radzionków
23%
Lubelskie Radzyń Podlaski
23%
Małopolskie Słomniki
23%
Opolskie Strzelce Opolskie
23%
Łódzkie Sulejów
23%
Mazowieckie Sulejówek
23%
Zachodniopomorskie Trzebiatów
23%
Opolskie Baborów
22%
Warmińsko-mazurskie Biała Piska
22%
Zachodniopomorskie Chociwel
22%
Wielkopolskie Czempiń
22%
Wielkopolskie Dobra
22%
Pomorskie Gniew
22%
Mazowieckie Jedlnia-Letnisko
22%
Łódzkie Koluszki
22%
Dolnośląskie Lubawka
22%
Wielkopolskie Lwówek
22%
Podlaskie Michałowo
22%
Warmińsko-mazurskie Miłakowo
22%
Mazowieckie Mordy
22%
Mazowieckie Nasielsk
22%
Wielkopolskie Odolanów
22%
Dolnośląskie Piława Górna
22%
Mazowieckie Sanniki
22%
Świętokrzyskie Sędziszów
22%
Warmińsko-mazurskie Sępopol
22%
Śląskie Skoczów
22%
Pomorskie Skórcz
22%
Małopolskie Sucha Beskidzka
22%
Wielkopolskie Szamotuły
22%
Śląskie Włodowice
22%
Łódzkie Złoczew
22%
Mazowieckie Białobrzegi
21%
Śląskie Bieruń
21%
Świętokrzyskie Busko-Zdrój
21%
Podlaskie Czyżew
21%
Pomorskie Debrzno
21%
Łódzkie Działoszyn
21%
Małopolskie Grybów
21%
Zachodniopomorskie Gryfice
21%
Zachodniopomorskie Ińsko
21%
Podkarpackie Jawornik Polski
21%
Lubelskie Józefów nad Wisłą
21%
Pomorskie Kępice
21%
Kujawsko-pomorskie Kikół
21%
Opolskie Kolonowskie
21%
Śląskie Koniecpol
21%
Warmińsko-mazurskie Korsze
21%
Mazowieckie Lipsko
21%
Lubuskie Lubsko
21%
Warmińsko-mazurskie Młynary
21%
Pomorskie Nowy Staw
21%
Warmińsko-mazurskie Pasym
21%
Wielkopolskie Pleszew
21%
Łódzkie Poddębice
21%
Małopolskie Proszowice
21%
Wielkopolskie Puszczykowo
21%
Małopolskie Ryglice
21%
Podkarpackie Sieniawa
21%
Kujawsko-pomorskie Strzelno
21%
Małopolskie Świątniki Górne
21%
Śląskie Szczyrk
21%
Lubuskie Szprotawa
21%
Łódzkie Uniejów
21%
Lubelskie Urzędów
21%
Opolskie Wołczyn
21%
Lubuskie Wschowa
21%
Dolnośląskie Żarów
21%
Mazowieckie Żelechów
21%
Zachodniopomorskie Biały Bór
20%
Mazowieckie Bieżuń
20%
Łódzkie Bolimów
20%
Wielkopolskie Golina
20%
Kujawsko-pomorskie Golub-Dobrzyń
20%
Wielkopolskie Gostyń
20%
Wielkopolskie Kleczew
20%
Podkarpackie Kołaczyce
20%
Wielkopolskie Kórnik
20%
Małopolskie Koszyce
20%
Śląskie Krzepice
20%
Dolnośląskie Lądek-Zdrój
20%
Śląskie Łazy
20%
Mazowieckie Magnuszew
20%
Małopolskie Maków Podhalański
20%
Dolnośląskie Międzylesie
20%
Podkarpackie Oleszyce
20%
Wielkopolskie Ostroróg
20%
Świętokrzyskie Ożarów
20%
Śląskie Pyskowice
20%
Lubuskie Rzepin
20%
Wielkopolskie Sieraków
20%
Śląskie Sławków
20%
Mazowieckie Solec nad Wisłą
20%
Lubelskie Stoczek Łukowski
20%
Małopolskie Trzebinia
20%
Świętokrzyskie Wodzisław
20%
Małopolskie Wojnicz
20%
Opolskie Zdzieszowice
20%
Małopolskie Chełmek
19%
Wielkopolskie Dąbie
19%
Podlaskie Dąbrowa Białostocka
19%
Lubelskie Dęblin
19%
Wielkopolskie Dolsk
19%
Kujawsko-pomorskie Gąsawa
19%
Dolnośląskie Głuszyca
19%
Opolskie Gorzów Śląski
19%
Łódzkie Inowłódz
19%
Kujawsko-pomorskie Janowiec Wielkopolski
19%
Mazowieckie Józefów
19%
Mazowieckie Kałuszyn
19%
Podlaskie Knyszyn
19%
Wielkopolskie Kobylin
19%
Kujawsko-pomorskie Koronowo
19%
Wielkopolskie Krajenka
19%
Małopolskie Krzeszowice
19%
Śląskie Łaziska Górne
19%
Warmińsko-mazurskie Lidzbark
19%
Zachodniopomorskie Łobez
19%
Wielkopolskie Miejska Górka
19%
Dolnośląskie Mieroszów
19%
Podkarpackie Narol
19%
Mazowieckie Nowe Miasto nad Pilicą
19%
Dolnośląskie Piechowice
19%
Kujawsko-pomorskie Radzyń Chełmiński
19%
Wielkopolskie Rydzyna
19%
Podkarpackie Sędziszów Małopolski
19%
Mazowieckie Siennica
19%
Śląskie Siewierz
19%
Wielkopolskie Słupca
19%
Dolnośląskie Świdnica
19%
Śląskie Szczekociny
19%
Dolnośląskie Szczytna
19%
Warmińsko-mazurskie Szczytno
19%
Śląskie Toszek
19%
Warmińsko-mazurskie Wielbark
19%
Wielkopolskie Witkowo
19%
Wielkopolskie Września
19%
Mazowieckie Wyszogród
19%
Opolskie Biała
18%
Łódzkie Białaczów
18%
Dolnośląskie Bierutów
18%
Dolnośląskie Brzeg Dolny
18%
Zachodniopomorskie Człopa
18%
Zachodniopomorskie Dębno
18%
Zachodniopomorskie Gościno
18%
Lubelskie Izbica
18%
Kujawsko-pomorskie Jabłonowo Pomorskie
18%
Lubelskie Janów Podlaski
18%
Dolnośląskie Kamieniec Ząbkowicki
18%
Mazowieckie Karczew
18%
Warmińsko-mazurskie Kisielice
18%
Podlaskie Kleszczele
18%
Lubelskie Kock
18%
Wielkopolskie Kostrzyn
18%
Wielkopolskie Krobia
18%
Łódzkie Krośniewice
18%
Mazowieckie Latowicz
18%
Małopolskie Libiąż
18%
Łódzkie Lututów
18%
Mazowieckie Mszczonów
18%
Podkarpackie Nowa Sarzyna
18%
Opolskie Olesno
18%
Kujawsko-pomorskie Pakość
18%
Dolnośląskie Pieńsk
18%
Warmińsko-mazurskie Ryn
18%
Świętokrzyskie Sobków
18%
Podkarpackie Sokołów Małopolski
18%
Dolnośląskie Świeradów-Zdrój
18%
Małopolskie Tuchów
18%
Śląskie Wilamowice
18%
Podkarpackie Zagórz
18%
Dolnośląskie Złoty Stok
18%
Podlaskie Brańsk
17%
Wielkopolskie Chocz
17%
Małopolskie Ciężkowice
17%
Zachodniopomorskie Czaplinek
17%
Lubelskie Czemierniki
17%
Wielkopolskie Dobrzyca
17%
Zachodniopomorskie Drawno
17%
Łódzkie Drzewica
17%
Pomorskie Dzierzgoń
17%
Lubelskie Frampol
17%
Łódzkie Głowno
17%
Lubuskie Gozdnica
17%
Dolnośląskie Gryfów Śląski
17%
Lubuskie Iłowa
17%
Podkarpackie Iwonicz-Zdrój
17%
Lubelskie Janów Lubelski
17%
Łódzkie Kamieńsk
17%
Lubuskie Kargowa
17%
Kujawsko-pomorskie Kcynia
17%
Dolnośląskie Mirsk
17%
Świętokrzyskie Morawica
17%
Wielkopolskie Mosina
17%
Wielkopolskie Okonek
17%
Lubuskie Ośno Lubuskie
17%
Opolskie Otmuchów
17%
Opolskie Ozimek
17%
Świętokrzyskie Pacanów
17%
Dolnośląskie Prochowice
17%
Opolskie Prószków
17%
Podkarpackie Przecław
17%
Mazowieckie Różan
17%
Śląskie Sośnicowice
17%
Mazowieckie Stanisławów
17%
Wielkopolskie Stawiszyn
17%
Lubuskie Sulęcin
17%
Warmińsko-mazurskie Susz
17%
Podkarpackie Tyczyn
17%
Łódzkie Wieruszów
17%
Wielkopolskie Wysoka
17%
Wielkopolskie Zaniemyśl
17%
Łódzkie Zelów
17%
Mazowieckie Zielonka
17%
Kujawsko-pomorskie Bobrowniki
16%
Śląskie Czerwionka-Leszczyny
16%
Mazowieckie Głowaczów
16%
Lubelskie Końskowola
16%
Świętokrzyskie Kunów
16%
Opolskie Lewin Brzeski
16%
Podlaskie Lipsk
16%
Warmińsko-mazurskie Lubawa
16%
Kujawsko-pomorskie Lubień Kujawski
16%
Mazowieckie Lubowidz
16%
Zachodniopomorskie Moryń
16%
Kujawsko-pomorskie Mrocza
16%
Mazowieckie Myszyniec
16%
Mazowieckie Osieck
16%
Łódzkie Parzęczew
16%
Łódzkie Piątek
16%
Świętokrzyskie Suchedniów
16%
Dolnośląskie Świerzawa
16%
Małopolskie Szczawnica
16%
Świętokrzyskie Wąchock
16%
Lubelskie Wąwolnica
16%
Śląskie Wojkowice
16%
Wielkopolskie Wronki
16%
Świętokrzyskie Zawichost
16%
Podkarpackie Bircza
15%
Wielkopolskie Budzyń
15%
Podlaskie Czarna Białostocka
15%
Pomorskie Czersk
15%
Małopolskie Dobczyce
15%
Warmińsko-mazurskie Dobre Miasto
15%
Kujawsko-pomorskie Izbica Kujawska
15%
Śląskie Koziegłowy
15%
Małopolskie Książ Wielki
15%
Opolskie Leśnica
15%
Wielkopolskie Łobżenica
15%
Łódzkie Lutomiersk
15%
Mazowieckie Maków Mazowiecki
15%
Warmińsko-mazurskie Mikołajki
15%
Wielkopolskie Mikstat
15%
Wielkopolskie Nekla
15%
Małopolskie Nowe Brzesko
15%
Podlaskie Nowogród
15%
Mazowieckie Podkowa Leśna
15%
Lubelskie Poniatowa
15%
Dolnośląskie Siechnice
15%
Lubelskie Siedliszcze
15%
Dolnośląskie Środa Śląska
15%
Podlaskie Stawiski
15%
Dolnośląskie Stronie Śląskie
15%
Zachodniopomorskie Suchań
15%
Wielkopolskie Szamocin
15%
Małopolskie Szczucin
15%
Podlaskie Szepietowo
15%
Mazowieckie Tarczyn
15%
Lubelskie Tyszowce
15%
Mazowieckie Warka
15%
Dolnośląskie Wąsosz
15%
Dolnośląskie Węgliniec
15%
Śląskie Żarki
15%
Dolnośląskie Chocianów
14%
Świętokrzyskie Ćmielów
14%
Śląskie Czeladź
14%
Wielkopolskie Czerniejewo
14%
Podkarpackie Dynów
14%
Mazowieckie Gielniów
14%
Kujawsko-pomorskie Górzno
14%
Świętokrzyskie Iwaniska
14%
Małopolskie Jordanów
14%
Zachodniopomorskie Kalisz Pomorski
14%
Świętokrzyskie Końskie
14%
Wielkopolskie Koźmin Wielkopolski
14%
Świętokrzyskie Łagów
14%
Dolnośląskie Miękinia
14%
Mazowieckie Mogielnica
14%
Kujawsko-pomorskie Nieszawa
14%
Lubuskie Nowe Miasteczko
14%
Mazowieckie Nowe Miasto
14%
Łódzkie Pajęczno
14%
Zachodniopomorskie Polanów
14%
Mazowieckie Radzymin
14%
Zachodniopomorskie Recz
14%
Lubelskie Rejowiec Fabryczny
14%
Zachodniopomorskie Resko
14%
Dolnośląskie Syców
14%
Łódzkie Szadek
14%
Mazowieckie Wiskitki
14%
Małopolskie Zakliczyn
14%
Podkarpackie Baranów Sandomierski
13%
Małopolskie Biecz
13%
Zachodniopomorskie Borne Sulinowo
13%
Podlaskie Ciechanowiec
13%
Lubuskie Cybinka
13%
Świętokrzyskie Działoszyce
13%
Opolskie Głogówek
13%
Opolskie Gogolin
13%
Zachodniopomorskie Golczewo
13%
Warmińsko-mazurskie Górowo Iławeckie
13%
Mazowieckie Halinów
13%
Dolnośląskie Jaworzyna Śląska
13%
Podkarpackie Jedlicze
13%
Podlaskie Jedwabne
13%
Łódzkie Jeżów
13%
Wielkopolskie Jutrosin
13%
Kujawsko-pomorskie Kamień Krajeński
13%
Podkarpackie Kańczuga
13%
Świętokrzyskie Kazimierza Wielka
13%
Świętokrzyskie Koprzywnica
13%
Lubuskie Kożuchów
13%
Mazowieckie Małkinia Górna
13%
Lubelskie Nałęczów
13%
Śląskie Ogrodzieniec
13%
Dolnośląskie Polanica-Zdrój
13%
Zachodniopomorskie Połczyn-Zdrój
13%
Mazowieckie Raciąż
13%
Warmińsko-mazurskie Ruciane-Nida
13%
Mazowieckie Staroźreby
13%
Podlaskie Suchowola
13%
Łódzkie Ujazd
13%
Dolnośląskie Wiązów
13%
Warmińsko-mazurskie Zalewo
13%
Wielkopolskie Zduny
13%
Kujawsko-pomorskie Barcin
12%
Mazowieckie Bodzanów
12%
Mazowieckie Brok
12%
Lubuskie Bytom Odrzański
12%
Kujawsko-pomorskie Chełmno
12%
Świętokrzyskie Chmielnik
12%
Mazowieckie Gąbin
12%
Świętokrzyskie Gowarczów
12%
Łódzkie Grabów
12%
Dolnośląskie Jelcz-Laskowice
12%
Łódzkie Kiernozia
12%
Kujawsko-pomorskie Kowal
12%
Śląskie Krzanowice
12%
Dolnośląskie Lubomierz
12%
Dolnośląskie Niemcza
12%
Świętokrzyskie Nowa Słupia
12%
Lubelskie Ostrów Lubelski
12%
Wielkopolskie Pyzdry
12%
Wielkopolskie Rakoniewice
12%
Zachodniopomorskie Stepnica
12%
Wielkopolskie Stęszew
12%
Śląskie Strumień
12%
Lubuskie Torzym
12%
Opolskie Ujazd
12%
Wielkopolskie Wyrzysk
12%
Warmińsko-mazurskie Bisztynek
11%
Wielkopolskie Borek Wielkopolski
11%
Mazowieckie Ciepielów
11%
Świętokrzyskie Łopuszno
11%
Wielkopolskie Margonin
11%
Dolnośląskie Międzybórz
11%
Świętokrzyskie Nowy Korczyn
11%
Wielkopolskie Opatówek
11%
Świętokrzyskie Opatowiec
11%
Śląskie Pilica
11%
Zachodniopomorskie Płoty
11%
Wielkopolskie Skoki
11%
Lubuskie Witnica
11%
Łódzkie Żarnów
11%
Lubuskie Brody
10%
Małopolskie Brzeszcze
10%
Świętokrzyskie Chęciny
10%
Kujawsko-pomorskie Chodecz
10%
Małopolskie Czchów
10%
Zachodniopomorskie Dobrzany
10%
Podkarpackie Dukla
10%
Dolnośląskie Jedlina-Zdrój
10%
Mazowieckie Kosów Lacki
10%
Wielkopolskie Krzywiń
10%
Zachodniopomorskie Lipiany
10%
Mazowieckie Maciejowice
10%
Lubuskie Nowogród Bobrzański
10%
Dolnośląskie Oborniki Śląskie
10%
Wielkopolskie Pobiedziska
10%
Wielkopolskie Przedecz
10%
Dolnośląskie Przemków
10%
Podkarpackie Rudnik nad Sanem
10%
Łódzkie Rzgów
10%
Wielkopolskie Śmigiel
10%
Dolnośląskie Sobótka
10%
Świętokrzyskie Stąporków
10%
Opolskie Strzeleczki
10%
Podlaskie Szczuczyn
10%
Opolskie Tułowice
10%
Świętokrzyskie Wiślica
10%
Małopolskie Żabno
10%
Wielkopolskie Zagórów
10%
Wielkopolskie Żerków
10%
Mazowieckie Dobre
9%
Warmińsko-mazurskie Jeziorany
9%
Lubelskie Krasnobród
9%
Kujawsko-pomorskie Łasin
9%
Mazowieckie Łaskarzew
9%
Świętokrzyskie Małogoszcz
9%
Lubuskie Małomice
9%
Zachodniopomorskie Mirosławiec
9%
Dolnośląskie Pieszyce
9%
Wielkopolskie Pogorzela
9%
Śląskie Rydułtowy
9%
Podlaskie Supraśl
9%
Zachodniopomorskie Tuczno
9%
Łódzkie Wolbórz
9%
Wielkopolskie Książ Wielkopolski
8%
Zachodniopomorskie Maszewo
8%
Wielkopolskie Miasteczko Krajeńskie
8%
Warmińsko-mazurskie Orzysz
8%
Łódzkie Ozorków
8%
Wielkopolskie Rogoźno
8%
Świętokrzyskie Skalbmierz
8%
Lubuskie Sława
8%
Podlaskie Suraż
8%
Kujawsko-pomorskie Szubin
8%
Wielkopolskie Wielichowo
8%
Mazowieckie Wyśmierzyce
8%
Małopolskie Bukowno
7%
Mazowieckie Czerwińsk nad Wisłą
7%
Wielkopolskie Jaraczewo
7%
Wielkopolskie Kłecko
7%
Świętokrzyskie Klimontów
7%
Kujawsko-pomorskie Kowalewo Pomorskie
7%
Śląskie Lędziny
7%
Wielkopolskie Mieścisko
7%
Mazowieckie Odrzywół
7%
Mazowieckie Przytyk
7%
Lubelskie Puławy
7%
Wielkopolskie Ślesin
7%
Mazowieckie Sochocin
7%
Lubelskie Turobin
7%
Podkarpackie Zaklików
7%
Łódzkie Żychlin
7%
Łódzkie Błaszki
6%
Podkarpackie Brzostek
6%
Opolskie Byczyna
6%
Zachodniopomorskie Dobra
6%
Opolskie Grodków
6%
Opolskie Korfantów
6%
Kujawsko-pomorskie Lubraniec
6%
Lubelskie Piszczac
6%
Wielkopolskie Raszków
6%
Świętokrzyskie Stopnica
6%
Lubelskie Bełżyce
5%
Dolnośląskie Bielawa
5%
Mazowieckie Cegłów
5%
Podkarpackie Dubiecko
5%
Kujawsko-pomorskie Janikowo
5%
Warmińsko-mazurskie Miłomłyn
5%
Wielkopolskie Osieczna
5%
Dolnośląskie Ścinawa
5%
Wielkopolskie Swarzędz
5%
Dolnośląskie Wojcieszów
5%
Świętokrzyskie Bogoria
4%
Wielkopolskie Gołańcz
4%
Lubuskie Lubniewice
4%
Podkarpackie Pruchnik
4%
Wielkopolskie Rychtal
4%
Wielkopolskie Rychwał
4%
Lubuskie Szlichtyngowa
4%
Wielkopolskie Tuliszków
4%
Wielkopolskie Koźminek
3%
Mazowieckie Sienno
3%
Mazowieckie Jadów
0%
Lubuskie Otyń
0%
Świętokrzyskie Pierzchnica
0%
Świętokrzyskie Szydłów
0%
Nie znaleziono quizów pasujących do podanych kryteriów
Rozkład punktacji
Procent ludzi z każdym wynikiem
Percentyl według liczby udzielonych odpowiedzi
Twoja historia wyników
Nie rozwiązałeś tego quizu od ostatniego zresetowania